Macroeconomics / (Record no. 1903)
[ view plain ]
| 000 -LEADER | |
|---|---|
| fixed length control field | 00830cam a22002532 4500 |
| 001 - CONTROL NUMBER | |
| control field | 0000001337 |
| 005 - DATE AND TIME OF LATEST TRANSACTION | |
| control field | 20151217145724.0 |
| 008 - FIXED-LENGTH DATA ELEMENTS--GENERAL INFORMATION | |
| fixed length control field | 070305s xx 000 0 eng d |
| 020 ## - INTERNATIONAL STANDARD BOOK NUMBER | |
| International Standard Book Number | 0070474346 : |
| Terms of availability | KES 735 |
| 040 ## - CATALOGING SOURCE | |
| Original cataloging agency | KABU |
| Transcribing agency | KABU |
| 050 #0 - LIBRARY OF CONGRESS CALL NUMBER | |
| Classification number | HB172.5 |
| Item number | .D67 2001 |
| 100 1# - MAIN ENTRY--PERSONAL NAME | |
| Personal name | Dornbusch, Rudiger. |
| -- | 0000149978 |
| 245 10 - TITLE STATEMENT | |
| Title | Macroeconomics / |
| Statement of responsibility, etc. | Rudiger Dornbusch, Stanley Fischer, Richard Startz. |
| 250 ## - EDITION STATEMENT | |
| Edition statement | 8th ed. |
| 260 ## - PUBLICATION, DISTRIBUTION, ETC. (IMPRINT) | |
| Place of publication, distribution, etc. | New Delhi : |
| Name of publisher, distributor, etc. | Tata McGraw-Hill, |
| Date of publication, distribution, etc. | c2001. |
| 300 ## - PHYSICAL DESCRIPTION | |
| Extent | xvii, 571 p. : |
| Other physical details | ill. ; |
| Dimensions | 24 cm. |
| 504 ## - BIBLIOGRAPHY, ETC. NOTE | |
| Bibliography, etc | Includes bibliographical references and index. |
| 650 #0 - SUBJECT ADDED ENTRY--TOPICAL TERM | |
| Topical term or geographic name as entry element | Macroeconomics. |
| -- | 0000149933 |
| 700 1# - ADDED ENTRY--PERSONAL NAME | |
| Personal name | Fischer, Stanley. |
| -- | 0000149979 |
| 700 1# - ADDED ENTRY--PERSONAL NAME | |
| Personal name | Startz, Richard, |
| Dates associated with a name | 1952-. |
| -- | 0000149980 |
| 908 ## - PUT COMMAND PARAMETER (RLIN) | |
| Put command parameter | 070305 |
| 950 ## - LOCAL HOLDINGS (RLIN) | |
| -- | 1 |
| Withdrawn status | Lost status | Source of classification or shelving scheme | Not for loan | Home library | Current library | Date acquired | Total Checkouts | Total Renewals | Full call number | Barcode | Checked out | Date last seen | Date last checked out | Price effective from | Koha item type |
|---|---|---|---|---|---|---|---|---|---|---|---|---|---|---|---|
| Library of Congress Classification | Kabarak, Main Campus | Kabarak, Main Campus | 17/12/2015 | 7 | 1 | HB172.5 .D67 2001 | 001103 | 02/02/2023 | 17/01/2023 | 17/01/2023 | 17/12/2015 | General Collection | |||
| Library of Congress Classification | Kabarak, Main Campus | Kabarak, Main Campus | 17/12/2015 | 3 | HB172.5 .D67 2001 | 001102 | 02/08/2024 | 31/01/2023 | 17/12/2015 | General Collection | |||||
| Library of Congress Classification | Kabarak, Main Campus | Kabarak, Main Campus | 17/12/2015 | 8 | HB172.5 .D67 2001 | 001104 | 02/08/2024 | 20/01/2021 | 17/12/2015 | General Collection | |||||
| Library of Congress Classification | Kabarak, Main Campus | Kabarak, Main Campus | 17/12/2015 | 5 | HB172.5 .D67 2001 | 001105 | 02/08/2024 | 19/05/2023 | 17/12/2015 | General Collection | |||||
| Library of Congress Classification | Kabarak, Main Campus | Kabarak, Main Campus | 17/12/2015 | 5 | HB172.5 .D67 2001 | 001106 | 02/08/2024 | 15/02/2022 | 17/12/2015 | General Collection |